000 00665nam a2200205 a 4500
005 20140310183505.0
008 100809s19uu xx 00 eng d
020 _a9781606235393
050 _aLC 4019.3
_b.W67 2010
100 _aMcWilliam, R.A., edited by
245 _aWorking with families of young children with special needs. /
260 _aNew York :
_bThe Guilford Press,
_c2010.
300 _a265 p. :
_bill. ;
_c27 cm.
440 _aKaren R. Harris & Steve Graham
521 _aEDU
650 _aChildren with disabilities
_xEducation (Early Childhood).
650 _aEarly childhood special education.
942 _cBK
_2lcc
_kFOR
999 _c24028
_d24028